00838cam a2200265 a 450000100090000000300050000900500170001400800410003101000170007202000380008902000350012702000380016202000350020003500240023504000400025905000230029908200150032224500590033725000120039626000430040830000340045150000200048565000290050570000380053416256536Nust20180117090024.0100528s2011 maua 001 0 eng  a 2010022679 a9780262015073 (hbk. : alk. paper) a0262015072 (hbk. : alk. paper) a9780262516228 (pbk. : alk. paper) a0262516225 (pbk. : alk. paper) a(OCoLC)ocn636567840 aDLCcDLCdYDXdYDXCPdBWXdCDXdDLC00aHB135b.M3698 201100a511/.822200aMathematics for economics /cMichael Hoy ... [et al.]. a3rd ed. aCambridge, Mass. :bMIT Press,cc2011. axiv, 959 p. :bill. ;c24 cm. aIncludes index. 0aEconomics, Mathematical.1 aHoy, Michael,d1953 September 22-